Fruits and Vegetables - Statistics

General Stats
  • This quiz has been taken 31 times
  • The average score is 48 of 165
Answer Stats
Hint Answer % Correct
A Apple
100%
C Carrot
90%
M Mango
90%
B Banana
85%
O Orange
85%
W Watermelon
85%
B Blueberry/Blueberries
80%
L Lemon
80%
P Pear
80%
P Pineapple
80%
P Potato
80%
S Strawberry/Strawberries
80%
C Cherry/Cherries
75%
G Grapes
75%
L Lettuce
75%
P Plum
75%
T Tomato
75%
L Lime
70%
O Onion
70%
R Raspberry/Raspberries
70%
A Avocado
65%
B Broccoli
65%
B Blackberry/Blackberries
60%
C Cucumber
60%
G Grapefruit
60%
N Nectarine
60%
P Peach
60%
S Spinach
60%
T Tangerine
60%
A Apricot
55%
C Cabbage
55%
C Cauliflower
55%
C Coconut
55%
D Dragon Fruit
55%
E Eggplant/Aubergine
55%
G Garlic
55%
P Papaya
55%
P Pomegranate
55%
C Corn
50%
D Date/Dates
50%
G Guava
50%
P Peas
50%
Z Zucchini
50%
S Sweet Potato
45%
A Asparagus
40%
B Beetroot
40%
B Bell Pepper/Capsicum
40%
C Celery
40%
F Fig
40%
G Green Bean
40%
K Kale
40%
L Leek
40%
L Lychee
40%
M Mushroom
40%
P Passionfruit
40%
P Plantain
40%
P Pumpkin
40%
R Redcurrant
40%
S Squash
40%
Y Yam
40%
C Cantaloupe/Rockmelon
35%
C Cranberry/Cranberries
35%
G Gooseberry
35%
H Honeydew Melon
35%
O Olive
35%
P Parsnip
35%
R Radish
35%
S Starfruit
35%
T Turnip
35%
B Brussels Sprout
30%
J Jackfruit
30%
K Kumquat/Cumquat
30%
B Black Currant
25%
I Iceberg Lettuce
25%
K Kiwi Fruit
25%
P Pomelo
25%
Q Quince
25%
R Rhubarb
25%
A Artichoke
20%
B Breadfruit
20%
C Chili Pepper
20%
D Durian
20%
G Ginger
20%
J Jalapeno
20%
P Persimmon
20%
S Scallion/Green Onion
20%
B Boysenberry
15%
B Broccolini
15%
C Cos Lettuce/Romaine
15%
H Huckleberry
15%
K Kidney Bean
15%
M Mandarine
15%
O Okra
15%
P Purple Cabbage/Red Cabbage
15%
S Shallot
15%
S Spring Onion
15%
S Sweet Corn
15%
T Tangelo
15%
T Tomatillo
15%
A Acai
10%
B Bok Choy
10%
C Chickpeas
10%
C Crab Apple
10%
E Edamame
10%
F Fennel
10%
H Horseradish
10%
L Lentil
10%
L Loganberry
10%
P Prune
10%
R Raisin
10%
S Shiitake Mushroom
10%
S Swede/Rutabaga
10%
T Tamarind
10%
U Ugli Fruit
10%
W Watercress
10%
B Blood Orange
5%
C Cassava
5%
C Cherry Tomato
5%
E Elderberry
5%
E Endive
5%
G Gherkin
5%
G Goji Berry
5%
G Golden Delicious Apple
5%
G Golden Kiwi
5%
G Granny Smith Apple
5%
G Guarana
5%
K Kohlrabi
5%
L Lemongrass
5%
L Lima Bean
5%
P Pawpaw
5%
R Rambutan
5%
S Soybean
5%
T Tamarillo
5%
T Taro
5%
W Wasabi
5%
A Alfalfa Sprouts
0%
B Bilberry
0%
B Broad Beans
0%
B Butternut Pumpkin/Butternut Squash
0%
C Collard Greens
0%
C Custard Apple
0%
F Feijoa
0%
F Fuji Apple
0%
G Gourd
0%
H Habanero Pepper
0%
L Lebanese Cucumber
0%
L Legumes
0%
L Loquat
0%
M Mulberry
0%
M Mung Bean
0%
N Naval Orange
0%
P Pimento
0%
P Pink Lady Apple
0%
R Rocket Lettuce
0%
R Royal Gala Apple
0%
S Silverbeet
0%
S Snow Pea
0%
S Sorrel
0%
S Soursop
0%
S Sultana
0%
V Valencia Orange
0%
V Velvet Apple
0%
W Water Chestnut
0%
W Winter Melon
0%
Y Yu Choy
0%
No matching quizzes found
Score Distribution
Percent of People with Each Score
Percentile by Number Answered
Your Score History
You have not taken this quiz